Państwa z największym spożyciem warzyw w Europie - Statystyki

Ogólne statystyki
  • Ten quiz został rozwiązany 25 razy
  • Średni wynik to 13 z 17
Statystyki odpowiedzi
g/dzień Państwo % Poprawnych
429 Polska
90%
440 Włochy
90%
472 Grecja
86%
360 Hiszpania
86%
287 Niemcy
86%
460 Belgia
81%
282 Chorwacja
81%
321 Francja
81%
351 Holandia
81%
338 Litwa
81%
431 Portugalia
81%
280 Estonia
76%
420 Rumunia
76%
330 Austria
71%
300 Słowenia
71%
350 Bułgaria
67%
280 Malta
52%
Nie znaleziono quizów pasujących do podanych kryteriów
Rozkład punktacji
Procent ludzi z każdym wynikiem
Percentyl według liczby udzielonych odpowiedzi
Twoja historia wyników
Nie rozwiązałeś tego quizu